|
|
|
|
| LEADER |
00837nta a2200181 i 4500 |
| 001 |
dipl86692 |
| 005 |
20200708073947.0 |
| 008 |
200708s2018 hu om 0|| hun d |
| 040 |
|
|
|a SZTE Diploma Repozitórium
|b hun
|
| 041 |
|
|
|a hun
|
| 100 |
1 |
|
|a Pál Dávid András
|
| 245 |
1 |
2 |
|a A PAO és a NADPH oxidáz közötti kölcsönhatás szerepe a nitrogén monoxid keletkezésében Arabidopsis növényben.
|h [elektronikus dokumentum] /
|c Dávid András Pál
|
| 246 |
1 |
0 |
|a Role of interaction between PAO and NADPH oxidase in generation of nitric oxide during salt stress in Arabidosis plants.
|h [elektronikus dokumentum]
|
| 260 |
|
|
|c 2018
|
| 650 |
|
4 |
|a Természettudományok
|
| 650 |
|
4 |
|a Plant biology
|
| 700 |
2 |
|
|a Pichererné Gémes Katalin
|e ths
|
| 856 |
4 |
0 |
|u http://diploma.bibl.u-szeged.hu/id/eprint/86692/2/2018_pal_david_andras.pdf
|z Dokumentum-elérés
|